000 00334nam a22001457a 4500
003 OSt
008 250519b |||||||| |||| 00| 0 eng d
100 _aSHARMA, Benni Parsadh
245 _aSant Guru Ravidash
250 _a23th
260 _aNew Delhi
_bUmang Prakashan
_c2023
300 _a78
650 _aGeneral
942 _2ddc
_cBK
999 _c13593
_d13593